Famous Buildings in New York City - Statistics

General Stats
  • This quiz has been taken 85 times
  • The average score is 9 of 15
Answer Stats
Picture Answer % Correct
Empire State Building
99%
One World Trade Center
96%
Chrysler Building
92%
World Trade Center
"Twin Towers"
92%
Flatiron Building
82%
Solomon R. Guggenheim Museum
73%
Radio City Music Hall
72%
St. Patrick's Cathedral
63%
Rockefeller Center
56%
New York Public Library Main Branch
50%
432 Park Avenue
36%
The Dakota
28%
Cathedral of St. John
the Divine
22%
Trinity
Church
22%
Comcast Building
9%
No matching quizzes found
Score Distribution
Percent of People with Each Score
Percentile by Number Answered
Your Score History
You have not taken this quiz